000 00633nam a2200253Ia 4500
003 OSt
005 20220912151454.0
006 a|||||r|||| 00| 0
007 ta
008 220909b |||||||| |||| 00| 0 eng d
024 _a50525
037 _cTextual
040 _aCSL
_beng
_cCSL
041 _aeng
082 _aI22:8, N1
100 _aRiding Robert Ed.
245 0 _aCalcareous algae and stromatolites
260 _aBerlin
_bSpringer-Verlag
_c1991
300 _a571p.
_ccm.
650 _a Algae
650 _aBotany
942 _hI22:8, N1
_cTEXL
_2CC
999 _c69291
_d69291